[Event "SLO-chT2 Ost"]
[Site "Slovenia"]
[Date "2021.10.16"]
[Round "8.4"]
[White "Urbanc, Ana"]
[Black "Glavac, Igor"]
[Result "1/2-1/2"]
[WhiteElo "1879"]
[BlackElo "1844"]
[PlyCount "85"]
[EventDate "2021.09.11"]
[EventType "team-tourn"]
[EventRounds "9"]
[EventCountry "SLO"]
[SourceTitle "EXT 2024"]
[Source "ChessBase"]
[SourceDate "2023.10.10"]
[SourceVersion "1"]
[SourceVersionDate "2023.10.10"]
[SourceQuality "1"]
[WhiteTeam "Krsko Triglav II"]
[BlackTeam "Milan Majcen Sevnica"]
[WhiteTeamCountry "SLO"]
[BlackTeamCountry "SLO"]

1. e4 c5 2. Nf3 d6 3. d4 cxd4 4. Nxd4 Nf6 5. Nc3 a6 6. a4 e6 7. Be2 Be7 8. Be3 0-0 9. 0-0 Nbd7 10. Qd2 Qc7 11. Rfd1 b6 12. f3 Bb7 13. Rac1 d5 14. exd5 Bxd5 15. Nxd5 Nxd5 16. Bf2 Qf4 17. Qxf4 Nxf4 18. Bf1 Nc5 19. b3 Bg5 20. h4 Bh6 21. Ra1 Nd5 22. Nf5 Bf4 23. g3 Be5 24. Bd4 Bxd4+ 25. Rxd4 g6 26. Nh6+ Kg7 27. Ng4 h5 28. Ne5 Ne3 29. Rd2 Rfd8 30. Rxd8 Rxd8 31. b4 Nxc2 32. Rb1 Nxa4 33. Bxa6 Ne3 34. Rb3 Nd5 35. Bb5 Nac3 36. Bf1 Ra8 37. Nd7 Ra1 38. Nxb6 Ne3 39. Kf2 Ned1+ 40. Ke1 Nd5 41. Nxd5 Ne3+ 42. Kf2 Nxf1 43. Nc3 1/2-1/2

[Event "SLO-chT (Women)"]
[Site "Maribor"]
[Date "2019.05.19"]
[Round "7.3"]
[White "Hercog, Nusa"]
[Black "Urbanc, Ana"]
[Result "1-0"]
[WhiteElo "2031"]
[BlackElo "1791"]
[PlyCount "99"]
[EventDate "2019.04.04"]
[EventType "team-tourn"]
[EventRounds "7"]
[EventCountry "SLO"]
[SourceTitle "CBM 190 Extra"]
[Source "ChessBase"]
[SourceDate "2019.07.15"]
[SourceVersion "1"]
[SourceVersionDate "2019.07.15"]
[SourceQuality "1"]
[WhiteTeam "Celjski (W)"]
[BlackTeam "Krko Triglav (W)"]
[WhiteTeamCountry "SLO"]
[BlackTeamCountry "SLO"]

1. d4 Nf6 2. c4 e6 3. Nf3 c5 4. d5 exd5 5. cxd5 Bd6 6. Nc3 0-0 7. Bg5 h6 8. Bh4 Re8 9. e3 Bc7 10. d6 Ba5 11. Bc4 Nc6 12. 0-0 Bxc3 13. bxc3 b6 14. Qd3 Ne5 15. Nxe5 Rxe5 16. Qg6 Bb7 17. Qxf7+ Kh8 18. Rfe1 Qf8 19. Bxf6 Qxf7 20. Bxf7 gxf6 21. f3 Kg7 22. Bc4 Rae8 23. Kf2 Bc6 24. Rab1 Rc8 25. e4 Rce8 26. g4 Rb8 27. Rb2 Rbe8 28. Ra1 Rh8 29. Kg3 h5 30. h3 Ree8 31. a4 Rb8 32. Bb5 hxg4 33. hxg4 Rh6 34. Kf4 Rh3 35. Rg2 Rh4 36. Ke3 Kg6 37. Kf4 Re8 38. Rd1 Rhh8 39. Bxc6 dxc6 40. d7 Rd8 41. Rd6 Kf7 42. Kf5 Rh3 43. f4 Ke7 44. Rgd2 Rxc3 45. Re6+ Kf8 46. Kxf6 Rh3 47. g5 Rh7 48. g6 Rh6 49. Rxc6 Rh4 50. Rc8 1-0

[Event "SLO-chT (Women)"]
[Site "Maribor"]
[Date "2019.04.04"]
[Round "1.2"]
[White "Mar, Karmen"]
[Black "Urbanc, Ana"]
[Result "1-0"]
[WhiteElo "2031"]
[BlackElo "1791"]
[PlyCount "57"]
[EventDate "2019.04.04"]
[EventType "team-tourn"]
[EventRounds "7"]
[EventCountry "SLO"]
[SourceTitle "CBM 190 Extra"]
[Source "ChessBase"]
[SourceDate "2019.07.15"]
[SourceVersion "1"]
[SourceVersionDate "2019.07.15"]
[SourceQuality "1"]
[WhiteTeam "Maribor (W)"]
[BlackTeam "Krko Triglav (W)"]
[WhiteTeamCountry "SLO"]
[BlackTeamCountry "SLO"]

1. e4 e5 2. Nf3 Nf6 3. d4 Nxe4 4. Bd3 d5 5. Nxe5 Bd6 6. 0-0 0-0 7. c4 Be6 8. Qc2 Nf6 9. c5 Be7 10. f4 Nc6 11. Nxc6 bxc6 12. Nd2 Bg4 13. f5 Nh5 14. h3 Ng3 15. hxg4 Nxf1 16. Kxf1 Bg5 17. Nf3 Bxc1 18. Rxc1 f6 19. Ng1 Re8 20. Ne2 Qe7 21. Qd2 Qe3 22. Qxe3 Rxe3 23. Rd1 Rb8 24. Kf2 Re7 25. Rd2 Rb4 26. a3 Rb8 27. b4 Rbe8 28. Rd1 Kf7 29. Nf4 1-0

[Event "SLO-ch U18 Girls"]
[Site "Portoroz"]
[Date "2018.03.01"]
[Round "5"]
[White "Hrescak, Ivana"]
[Black "Urbanc, Ana"]
[Result "1/2-1/2"]
[WhiteElo "2011"]
[BlackElo "1825"]
[PlyCount "92"]
[EventDate "2018.02.26"]
[EventType "tourn"]
[EventRounds "6"]
[EventCountry "SLO"]
[SourceTitle "EXT 2019"]
[Source "ChessBase"]
[SourceDate "2018.10.10"]
[SourceVersion "1"]
[SourceVersionDate "2018.10.10"]
[SourceQuality "1"]

1. d4 d5 2. c4 dxc4 3. e3 Nf6 4. Nf3 e6 5. Bxc4 c5 6. Nc3 cxd4 7. exd4 Be7 8. Ne5 0-0 9. 0-0 Nbd7 10. Bb3 Nb6 11. Bc2 Bd7 12. Qd3 Rc8 13. Ng4 g6 14. Ne5 Bc6 15. Bb3 Nbd5 16. Re1 a6 17. Qh3 Nh5 18. Qg4 Nhf6 19. Qe2 Nh5 20. Nxc6 bxc6 21. Nxd5 cxd5 22. Qxa6 Bf6 23. Rd1 Ra8 24. Qb5 Rb8 25. Qe2 Qb6 26. Be3 Ng7 27. Bf4 Ra8 28. Be5 Bxe5 29. Qxe5 Nf5 30. Rab1 Rfb8 31. Rd3 Nd6 32. Qf4 Nb5 33. Rbd1 Rc8 34. Kf1 Ra7 35. Rh3 Rac7 36. Rh4 Qa6 37. Kg1 Qb6 38. Qh6 f5 39. Qe3 Rc6 40. Ba4 Ra8 41. b3 Ra6 42. Bxb5 Qxb5 43. a4 Qb4 44. Rh3 Rab6 45. Qd3 Qa3 46. Qb1 Rb4 1/2-1/2

[Event "EU-ch U16 Girls 27th"]
[Site "Mamaia"]
[Date "2017.09.07"]
[Round "3"]
[White "Sankova, Stella"]
[Black "Urbanc, Ana"]
[Result "1-0"]
[WhiteElo "1922"]
[BlackElo "1693"]
[PlyCount "55"]
[EventDate "2017.09.05"]
[EventType "swiss"]
[EventRounds "9"]
[EventCountry "ROU"]
[SourceTitle "CBM 180 Extra"]
[Source "ChessBase"]
[SourceDate "2017.10.06"]
[SourceVersion "1"]
[SourceVersionDate "2017.10.06"]
[SourceQuality "1"]

1. e4 c5 2. Nc3 d6 3. f4 e6 4. Nf3 Nf6 5. Bb5+ Bd7 6. Bc4 Bc6 7. Qe2 Be7 8. d3 a6 9. 0-0 b5 10. Bb3 b4 11. Nd1 0-0 12. Ne3 Nbd7 13. f5 d5 14. fxe6 fxe6 15. exd5 exd5 16. Nxd5 Bxd5 17. Bxd5+ Nxd5 18. Qe6+ Kh8 19. Qxd5 Bf6 20. Bg5 Qc7 21. Bxf6 Nxf6 22. Qc4 h5 23. Qh4 Kg8 24. Rae1 g6 25. Ne5 Kg7 26. Qg5 Ng4 27. Qxg6+ Kh8 28. Qxh5+ 1-0

[Event "SLO-ch U16 Girls"]
[Site "Ptuj"]
[Date "2017.03.02"]
[Round "6"]
[White "Kojek, Zala"]
[Black "Urbanc, Ana"]
[Result "0-1"]
[WhiteElo "1557"]
[BlackElo "1624"]
[PlyCount "148"]
[EventDate "2017.02.25"]
[EventType "swiss"]
[EventRounds "7"]
[EventCountry "SLO"]
[SourceTitle "CBM 177 Extra"]
[Source "ChessBase"]
[SourceDate "2017.04.27"]
[SourceVersion "1"]
[SourceVersionDate "2017.04.27"]
[SourceQuality "1"]

1. d4 Nf6 2. Nf3 d5 3. c4 c6 4. e3 Bf5 5. Nc3 e6 6. Nh4 Bg6 7. Nxg6 hxg6 8. g3 Nbd7 9. Bg2 dxc4 10. Qe2 Nb6 11. a4 a5 12. 0-0 Be7 13. Rd1 0-0 14. e4 Rc8 15. Be3 Re8 16. h3 Bb4 17. Na2 Be7 18. Qc2 Nfd7 19. Bf1 Kh7 20. Nc3 Rh8 21. Nb1 Nf6 22. Na3 Kg8 23. Nxc4 Nxc4 24. Qxc4 Nxe4 25. Bg2 Nf6 26. Rac1 Nd5 27. Bd2 Bb4 28. Qb3 Bxd2 29. Rxd2 Rb8 30. Bxd5 Qxd5 31. Qxd5 exd5 32. h4 f6 33. Re2 Kf7 34. Rc3 Rhe8 35. Kf1 Rxe2 36. Kxe2 Ke6 37. Re3+ Kd7 38. Rb3 Re8+ 39. Kd2 Kc7 40. f3 b6 41. Rc3 Rb8 42. Kc2 b5 43. Rc5 Rb6 44. axb5 Rxb5 45. Rc3 Rb4 46. Re3 Kd7 47. Ra3 Rb5 48. Rc3 c5 49. Kd3 Kd6 50. b3 cxd4 51. Kxd4 Rb4+ 52. Kd3 a4 53. bxa4 Rxa4 54. Rb3 Rc4 55. Rb7 Rc7 56. Rb6+ Kc5 57. Rb8 Ra7 58. Rc8+ Kd6 59. Rd8+ Rd7 60. Rc8 Ke5 61. Rc5 Ra7 62. Rc3 Rb7 63. Ra3 Rb1 64. Ke2 Rb2+ 65. Kf1 Kd4 66. Ra4+ Ke3 67. Ra3+ Kd2 68. Ra4 Kc3 69. Ra7 d4 70. Rc7+ Kd2 71. Rxg7 d3 72. Rd7 Ke3 73. Re7+ Kxf3 74. Ke1 Re2+ 0-1

[Event "Otocec Krka Terme op"]
[Site "Otocec"]
[Date "2016.10.22"]
[Round "3"]
[White "Kobe, Matic"]
[Black "Urbanc, Ana"]
[Result "1/2-1/2"]
[WhiteElo "1096"]
[BlackElo "1638"]
[PlyCount "42"]
[EventDate "2016.10.21"]
[EventType "swiss"]
[EventRounds "5"]
[EventCountry "SLO"]
[SourceTitle "EXT 2019"]
[Source "ChessBase"]
[SourceDate "2018.10.10"]
[SourceVersion "1"]
[SourceVersionDate "2018.10.10"]
[SourceQuality "1"]

1. e4 c5 2. Nf3 Nc6 3. d4 cxd4 4. Nxd4 Nf6 5. Nc3 d6 6. Bc4 a6 7. Be3 e6 8. Qd2 Qc7 9. 0-0-0 Be7 10. Rhg1 0-0 11. g4 Nxd4 12. Qxd4 e5 13. Qd3 Bxg4 14. Rdf1 Be6 15. Bb3 b5 16. Bh6 g6 17. Bxf8 Bxf8 18. Qf3 Bg7 19. Qd3 Bf8 20. Qf3 Bg7 21. Qd3 Bf8 1/2-1/2

[Event "EU-ch U16 Girls 26th"]
[Site "Prague"]
[Date "2016.08.19"]
[Round "2"]
[White "Urbanc, Ana"]
[Black "Limanovska, Elizabete"]
[Result "0-1"]
[WhiteElo "1681"]
[BlackElo "1924"]
[PlyCount "102"]
[EventDate "2016.08.18"]
[EventType "swiss"]
[EventRounds "9"]
[EventCountry "CZE"]
[SourceTitle "CBM 174 Extra"]
[Source "ChessBase"]
[SourceDate "2016.10.10"]
[SourceVersion "1"]
[SourceVersionDate "2016.10.10"]
[SourceQuality "1"]

1. e4 c5 2. Nf3 d6 3. d4 cxd4 4. Nxd4 Nf6 5. Nc3 a6 6. Be2 e5 7. Nb3 Be7 8. 0-0 Be6 9. Kh1 Nbd7 10. f4 exf4 11. Bxf4 Ne5 12. Nd4 0-0 13. Bxe5 dxe5 14. Nxe6 fxe6 15. Qxd8 Raxd8 16. Bc4 Rd6 17. Rad1 Rc6 18. Bd3 Bb4 19. Nb1 Rd8 20. a3 Bc5 21. h3 Be3 22. Rde1 Bf4 23. Rf3 Nd7 24. b4 Nb6 25. Ref1 Nc4 26. g3 Bg5 27. h4 Bh6 28. Kg2 Ne3+ 29. Rxe3 Bxe3 30. Kf3 Bh6 31. Ke2 b5 32. Rf2 g6 33. Nd2 Rc3 34. Nb1 Rc7 35. Rf1 Kg7 36. Nd2 Rxc2 37. Bxc2 Rxd2+ 38. Ke1 Rxc2 39. Rf3 Rc4 40. Rd3 Rd4 41. Rf3 Rxe4+ 42. Kf2 Rc4 43. Rd3 Rc6 44. Rd7+ Kg8 45. g4 Bf8 46. Rd3 Rc4 47. Kg3 a5 48. bxa5 Ra4 49. Re3 Rxa3 50. Rxa3 Bxa3 51. a6 Bc5 0-1